[Event "Spanish Championship Division Honor"]
[Site "?"]
[Date "2016.10.02"]
[Round "?"]
[White "Vallejo Pons, Francisco"]
[Black "Quesada Perez, Yuniesky"]
[WhiteElo "2716"]
[BlackElo "2636"]
[Result "1-0"]

1. d4 Nf6 2. c4 e6 3. g3 d5 4. Bg2 Bb4+ 5. Bd2 Bd6 6. Nc3 c6 7. e4 dxe4 8. Nxe4 Nxe4 9. Bxe4 Nd7 10. Nf3 Nf6 11. Bc2 c5 12. Bc3 Bd7 13. Ne5 Qc7 14. O-O O-O 15. Nxd7 Nxd7 16. dxc5 Bxc5 17. Qg4 g6 18. Qh4 a5 19. Rad1 e5 20. a3 Rfd8 21. Be4 Kg7 22. Rd5 Bd4 23. Bxd4 exd4 24. Bg2 Nf6 25. Qxd4 Rxd5 26. cxd5 Qd6 27. Rc1 Re8 28. Bf3 Rd8 29. Rc5 Qb6 30. Qc3 a4 31. Rc4 Kg8 32. Rxa4 Nxd5 33. Qa5 Qxa5 34. Rxa5 Nf6 35. Rb5 Rd2 36. Rxb7 

1-0

[Event "FRA-chT Poule Haute"]
[Site "?"]
[Date "2004.05.10"]
[Round "?"]
[White "Short, Nigel D"]
[Black "Vallejo Pons, Francisco"]
[WhiteElo "2702"]
[BlackElo "2663"]
[Result "0-1"]

1. e4 c6 2. d4 d5 3. e5 Bf5 4. Be3 e6 5. Nd2 Nd7 6. f4 c5 7. Ngf3 Qb6 8. Rb1 Nh6 9. Be2 Rc8 10. h3 cxd4 11. Nxd4 Bc5 12. N2b3 Bxc2 13. Qxc2 Bb4+ 14. Kd1 Rxc2 15. Nxc2 Bc5 16. Nxc5 Nf5 17. Nxd7 Nxe3+ 18. Kd2 Kxd7 19. Nxe3 Qb4+ 20. Kd3 Qe4+ 21. Kd2 Qb4+ 22. Kd3 Qe4+ 23. Kd2 Qxf4 24. Rhf1 Qb4+ 25. Kd3 Qe4+ 26. Kd2 Qb4+ 27. Kd3 Ke7 28. Rfc1 Qe4+ 29. Kd2 Qxe5 30. Bf3 Rd8 31. Re1 Qf4 32. Ke2 d4 33. Nd1 Qc7 34. Kf1 Qc4+ 35. Kg1 Qxa2 36. Nf2 Qb3 37. Rbd1 d3 38. Rd2 f5 39. Re3 Qb6 40. Re1 Qb3 41. g4 g6 42. Kg2 Kf6 43. Re3 Qb4 44. Rdxd3 Rxd3 45. Rxd3 e5 46. gxf5 gxf5 47. Bd1 e4 48. Re3 Qxb2 49. Kf1 Qd4 50. Rb3 b6 51. Be2 a5 52. Nd1 a4 53. Rc3 Ke5 54. Rc4 a3 55. Nc3 Qd2 

0-1